| 000 | 00745nam a22001577a 4500 | ||
|---|---|---|---|
| 003 | SGT | ||
| 020 | _a9788131755549 | ||
| 082 | _a658.3,DES | ||
| 100 | _aDESSLER, GARY | ||
| 245 |
_aFUNDAMENTALS OF HUMAN RESOURCE MTANAGEMEN _bCONTENT, COMPETENCIES, AND APPLICATIONS |
||
| 260 |
_aNEW DELHI _bPEARSON _c2011 |
||
| 300 | _a450 | ||
| 650 | _aMANAGEMENT | ||
| 653 |
_aMANAGING HUMAN RESOURCES TODAY,MANAGING EQUAL OPPORTUNITY AND DIVERSITY,MERGERS, ACQUISITIONS, AND STRATEGIC HUMAN,PERSONNEL PLANNING AND RECRUITING, SELECTING EMPLOYEES,TRAINING AND DEVELOPING EMPLOYEES _aMANAGING HUMAN RESOURCES TODAY,MANAGING EQUAL OPPORTUNITY AND DIVERSITY,MERGERS, ACQUISITIONS, AND STRATEGIC HUMAN,PERSONNEL PLANNING AND RECRUITIG |
||
| 942 |
_2ddc _cFCM _016 |
||
| 999 |
_c8870 _d8870 |
||